header

Overcoming textbook fatigue (Record no. 52863)

MARC details
000 -LEADER
fixed length control field 01593nam a2200373Ia 4500
100 1# - MAIN ENTRY--AUTHOR NAME
Personal name Lent, ReLeah Cossett.
245 10 - TITLE STATEMENT
Title Overcoming textbook fatigue
260 ## - PUBLICATION, DISTRIBUTION, ETC. (IMPRINT)
Place of publication Alexandria, Va. :
Name of publisher ASCD,
Year of publication c2012.
300 ## - PHYSICAL DESCRIPTION
Number of Pages xi, 202 p. :
Other physical details ill.
650 #0 - SUBJECT ADDED ENTRY--TOPICAL TERM
Topical Term Textbooks
Topical Term Educational change
Topical Term Active learning
Topical Term Motivation in education
Topical Term Language arts
Topical Term Content area reading
856 40 - ELECTRONIC LOCATION AND ACCESS
Uniform Resource Identifier http://site.ebrary.com/lib/rucke/Doc?id=10630707

No items available.

© 2026 Rongo University
Contact us: librarian | system librarian | Rongo university